Statistics for Contestants of Jet Lag: The Game

Click here to take the quiz!

General Stats

  • This quiz has been taken 191 times
    (71 since last reset)
  • The average score is 6 of 10

Answer Stats

SeriesAnswer% Correct
Every seriesSam Denby
97%
Every seriesAdam Chase
93%
Every seriesBen Doyle
93%
S5 - New ZealandToby Hendy
71%
S1 - Connect FourBrian McManus
47%
S4 - Race to the Most StatesBrian McManus
47%
S6 - JapanScotty Allen
37%
S8 - Northernmost to Southernmost USAMichelle Khare
34%
S10 - AustraliaToby Hendy
32%
S2 - CircumnavigationJoseph Pisenti
28%

Score Distribution

Percentile by Number Answered

Percent of People with Each Score

Your Score History

You have not taken this quiz since the last reset